<?xml version="1.0" encoding="UTF-8"?><?xml-stylesheet type="text/xsl" href="static/style.xsl"?><OAI-PMH xmlns="http://www.openarchives.org/OAI/2.0/" xmlns:xsi="http://www.w3.org/2001/XMLSchema-instance" xsi:schemaLocation="http://www.openarchives.org/OAI/2.0/ http://www.openarchives.org/OAI/2.0/OAI-PMH.xsd"><responseDate>2026-06-02T07:25:02Z</responseDate><request verb="GetRecord" identifier="oai:riuma.uma.es:10630/24219" metadataPrefix="marc">https://riuma.uma.es/rest/oai/request</request><GetRecord><record><header><identifier>oai:riuma.uma.es:10630/24219</identifier><datestamp>2026-02-03T12:40:48Z</datestamp><setSpec>com_10630_2254</setSpec><setSpec>col_10630_37957</setSpec></header><metadata><record xmlns="http://www.loc.gov/MARC21/slim" xmlns:dcterms="http://purl.org/dc/terms/" xmlns:doc="http://www.lyncode.com/xoai" xmlns:xsi="http://www.w3.org/2001/XMLSchema-instance" xsi:schemaLocation="http://www.loc.gov/MARC21/slim http://www.loc.gov/standards/marcxml/schema/MARC21slim.xsd">
   <leader>00925njm 22002777a 4500</leader>
   <datafield ind2=" " ind1=" " tag="042">
      <subfield code="a">dc</subfield>
   </datafield>
   <datafield ind2=" " ind1=" " tag="720">
      <subfield code="a">Da Costa Oliveira, Claudia Patricia</subfield>
      <subfield code="e">author</subfield>
   </datafield>
   <datafield ind2=" " ind1=" " tag="260">
      <subfield code="c">2022</subfield>
   </datafield>
   <datafield ind2=" " ind1=" " tag="520">
      <subfield code="a">El epicardio es un conjunto de células epiteliales de origen extracardiaco y se incorpora a la superficie del corazón hasta envolver el miocardio. Estas células sufren un proceso de transición epitelio-mesénquima (TEM) por el cual migran hacia el interior de la pared del miocardio y dan lugar a diferentes tipos de células cardiacas más especializadas. Estas células derivadas del epicardio (CDEP) constituyen parte elemental de la histoarquitectura del corazón desde la ontogenia hasta la vida adulta. Estas células secretan moléculas que, entre otros procesos, incitan la proliferación del miocardio. Aunque se ha descrito una serie de mecanismos moleculares específicos que regulan la actividad del epicardio no se conoce la composición completa del secretoma de las CDEP. Por este motivo, uno de los objetivos principales de esta tesis es la caracterización de las vesículas extracelulares (VEs) derivadas de células epicardicas. Para su consecución, se han desarrollado experimentos de caracterización física de estos componentes del secretoma epicárdico; se ha estudiado su perfil molecular mediante proteómica; y se ha realizado un análisis funcional in silico de dichas proteínas, cuyos resultados han sido validados in vitro para determinar su papel en la interacción celular cardiaca, tanto a nivel autocrino como paracrino. Hemos concluido que los VEs derivados de CDEP en hipoxia están enriquecidos en proteínas glucolíticas que inducen proliferación en CDEP y glucolisis and células endoteliales.</subfield>
   </datafield>
   <datafield ind1="8" ind2=" " tag="024">
      <subfield code="a">https://hdl.handle.net/10630/24219</subfield>
   </datafield>
   <datafield tag="653" ind2=" " ind1=" ">
      <subfield code="a">Células epiteliales</subfield>
   </datafield>
   <datafield tag="653" ind2=" " ind1=" ">
      <subfield code="a">Corazón</subfield>
   </datafield>
   <datafield tag="653" ind2=" " ind1=" ">
      <subfield code="a">Matriz extracelular</subfield>
   </datafield>
   <datafield tag="653" ind2=" " ind1=" ">
      <subfield code="a">Universidad de Málaga - Tesis doctorales</subfield>
   </datafield>
   <datafield ind2="0" ind1="0" tag="245">
      <subfield code="a">Secretome of epicardial-derived cells: extracellular vesicles and Matrix</subfield>
   </datafield>
</record>
</metadata></record></GetRecord></OAI-PMH>